[Event "30th Andorra Open"]
[Site "Erts-La Massana AND"]
[Date "2012.07.26"]
[Round "6.19"]
[White "Wegerle,J"]
[Black "Garcia,Rau"]
[Result "1/2-1/2"]
[WhiteElo "2421"]
[BlackElo "2193"]

1.c4 e6 2.Nf3 d5 3.g3 c5 4.Bg2 Nf6 5.O-O Nc6 6.b3 Be7 7.Bb2 O-O 8.e3 b6 9.Qe2 Ba6
10.Na3 Rc8 11.d3 Qc7 12.Nb5 Qb8 13.Bc3 Bb7 14.a4 a6 15.Na3 Rfd8 16.Qb2 Nb4
17.Rad1 dxc4 18.Bxb4 cxb4 19.Nxc4 Bd5 20.e4 Ba8 21.Qe5 Qa7 22.Qf4 b5  1/2-1/2

[Event "Washington International 2012"]
[Site "Rockville USA"]
[Date "2012.07.28"]
[Round "1"]
[White "Mulyar,M"]
[Black "Leve,Nitai D"]
[Result "1/2-1/2"]
[WhiteElo "2386"]
[BlackElo "2134"]

1.c4 e6 2.Nf3 d5 3.d4 c6 4.Qc2 Nf6 5.g3 dxc4 6.Qxc4 b5 7.Qb3 Bb7 8.Bg2 Be7
9.O-O O-O 10.Bg5 a6 11.Nbd2 c5 12.Bxf6 Bxf6 13.dxc5 Qe7 14.Qc2 Rc8 15.Rfc1 a5
16.Ne4 Bxe4 17.Qxe4 Na6 18.Ne5 Nxc5 19.Qe3 Nb7 20.Nc6 Qf8 21.Na7 Rxc1+ 22.Rxc1 Rd8
23.Nxb5 Qb4 24.Qb3 Qxb3 25.axb3 Nd6 26.Nxd6 Rxd6 27.Ra1 Bd8  1/2-1/2

[Event "PAB Romania Open 2012"]
[Site "Arad ROU"]
[Date "2012.07.31"]
[Round "7.13"]
[White "Nanu,C"]
[Black "Tincu,R"]
[Result "1-0"]
[WhiteElo "2528"]
[BlackElo "2206"]

1.c4 e6 2.Nf3 d5 3.g3 Nf6 4.Bg2 Be7 5.O-O O-O 6.d4 Nbd7 7.Nbd2 c5 8.cxd5 exd5
9.b3 b6 10.Bb2 Bb7 11.e3 Re8 12.Rc1 h6 13.Nh4 Bf8 14.Re1 Ne4 15.Nhf3 a5 16.Ne5 Nxe5
17.dxe5 a4 18.Nxe4 dxe4 19.Qc2 axb3 20.axb3 Qd5 21.Red1 Qc6 22.b4 Red8 23.Rxd8 Rxd8
24.bxc5 Qxc5 25.Bxe4 Qxc2 26.Bxc2 Bf3 27.Bd4 Bc5 28.Bd1 Bxd1 29.Rxd1 b5 30.Kf1 b4
31.Ke2 Be7 32.Ra1 Rd7 33.Ra8+ Kh7 34.Kd3 Kg6 35.Ra6+ Kh7 36.f4 Rc7 37.f5 h5
38.Ra7 Rxa7 39.Bxa7 Kh6 40.e4 Kg5 41.h3  1-0

[Event "Tabor Open 2012"]
[Site "Tabor CZE"]
[Date "2012.08.04"]
[Round "8.3"]
[White "Lechtynsky,J"]
[Black "Heinzel,O"]
[Result "1/2-1/2"]
[WhiteElo "2379"]
[BlackElo "2363"]

1.c4 e6 2.Nf3 d5 3.d4 dxc4 4.e3 Nf6 5.Bxc4 c5 6.O-O a6 7.dxc5 Qxd1 8.Rxd1 Bxc5
9.Be2 Nc6 10.Nbd2 O-O 11.b3 b5 12.Bb2 Be7 13.a4 b4 14.Rac1 Na5 15.Ne5 Bb7
16.Nec4 Nxc4 17.Nxc4 Rfd8 18.Na5 Rxd1+ 19.Bxd1 Bd5 20.Nc6  1/2-1/2

[Event "11th Braunau Open A"]
[Site "Ranshofen AUT"]
[Date "2012.08.05"]
[Round "3.1"]
[White "Tratar,M"]
[Black "Hera,I"]
[Result "1/2-1/2"]
[WhiteElo "2492"]
[BlackElo "2568"]

1.c4 e6 2.Nf3 d5 3.g3 dxc4 4.Qa4+ Nd7 5.Bg2 a6 6.Qxc4 b5 7.Qc2 Bb7 8.O-O Ngf6
9.b3 c5 10.d3 Be7 11.Bb2 O-O 12.Nbd2 Rc8 13.Rac1  1/2-1/2

[Event "II Brazil Maringa Open"]
[Site "Maringa BRA"]
[Date "2012.08.09"]
[Round "3.20"]
[White "Carneiro,Vitor Roberto Castro"]
[Black "Chemin,V"]
[Result "1-0"]
[WhiteElo "2002"]
[BlackElo "2205"]

1.c4 e6 2.Nf3 d5 3.d4 c5 4.cxd5 exd5 5.g3 Nc6 6.Bg2 Nf6 7.O-O Be7 8.Nc3 O-O
9.Bf4 c4 10.Ne5 Be6 11.Nxc4 dxc4 12.d5 Nxd5 13.Nxd5 Bf6 14.Bc7 Qd7 15.Nxf6+ gxf6
16.Qxd7 Bxd7 17.Rfd1 Be6 18.Bxc6 bxc6 19.Ba5 Rfe8 20.f3 Kg7 21.Rd6 Rac8 22.Kf2 Kg6
23.Bc3 h5 24.a4 Rc7 25.Rad1 Rb8 26.R1d4 c5 27.Rd2 Rcc8 28.Ra6 Rc7 29.Rdd6 Rbc8
30.e4 f5 31.Rxe6+ fxe6 32.Rxe6+ Kf7 33.Rf6+ Ke7 34.Rxf5 h4 35.g4 Rb7 36.Rh5 Rcb8
37.Rh7+ Ke6 38.Rxb7 Rxb7 39.f4 Rd7 40.f5+ Kf7 41.g5 Rd3 42.g6+ Ke7 43.f6+ Ke6
44.f7 Rd8 45.Bg7 Ke7 46.Kf3  1-0

[Event "XIII Miquel Mas Open"]
[Site "Figueres ESP"]
[Date "2012.08.12"]
[Round "5.15"]
[White "Banos,O"]
[Black "Parals Marce,L"]
[Result "1/2-1/2"]
[WhiteElo "2240"]
[BlackElo "2069"]

1.c4 e6 2.Nf3 d5 3.g3 Nf6 4.Bg2 Be7 5.O-O O-O 6.b3 c5 7.e3 b6 8.Bb2 Bb7 9.Nc3 Nc6
10.cxd5 Nxd5 11.Nxd5 exd5 12.d4 c4 13.bxc4 dxc4 14.Ne5 Nxe5 15.Bxb7 Rb8 16.Be4 Nd7
17.Rc1 b5 18.Bg2 Qa5 19.Qe2 Ba3 20.Rc3 Bxb2 21.Qxb2 Nb6 22.Rb1 Na4 23.Ra3 Qc7
24.Qc2 Qd6 25.Rxa4 bxa4 26.Rxb8 Rxb8 27.Qxc4 Rb1+ 28.Bf1 Qd7 29.Qc2 Rb8  1/2-1/2

[Event "2nd Split Open 2012"]
[Site "Split CRO"]
[Date "2012.08.13"]
[Round "3.22"]
[White "Sale,S"]
[Black "Podoba,M"]
[Result "1/2-1/2"]
[WhiteElo "2389"]
[BlackElo "2145"]

1.c4 e6 2.Nf3 d5 3.d4 c6 4.Nbd2 Nf6 5.g3 Nbd7 6.Bg2 Bd6 7.O-O O-O 8.Qc2 e5
9.cxd5 cxd5 10.dxe5 Nxe5 11.Nxe5 Bxe5 12.Nf3 Bd6 13.Rd1 Be6 14.Bg5 h6 15.Bxf6 Qxf6
16.Nd4 Rac8 17.Qd2 Rfd8 18.e3 Be5 19.Rac1 Bxd4 20.Qxd4 Qxd4 21.exd4 Kf8 22.f4 Ke7
23.Bf1 Bf5 24.Kf2 Kd6 25.Bb5 Rxc1 26.Rxc1 Rc8 27.Rxc8 Bxc8 28.Bd3 Bg4 29.a3 b6
30.Ke3 f6 31.Bg6 Bh3 32.Kf3 Be6 33.Be8 Bf5 34.Bf7 Kc6 35.Be8+ Kd6 36.Bb5 Kc7
37.h4 Kd6 38.Ke3 Be4 39.Be2 Ke7 40.Kd2 Kd6 41.Kc3 a5 42.b4 Kc6 43.Bh5 Bb1
44.Be8+ Kc7 45.h5 Be4 46.Kb3 Bf3 47.Bf7 Bd1+ 48.Kc3 Kd6 49.Kd2 Bf3  1/2-1/2

[Event "EY Boys U16 2012"]
[Site "Prague CZE"]
[Date "2012.08.17"]
[Round "1.2"]
[White "Fargac,M"]
[Black "Santos Latasa,J"]
[Result "0-1"]
[WhiteElo "2051"]
[BlackElo "2403"]

1.c4 e6 2.Nf3 d5 3.b3 Be7 4.Bb2 Nf6 5.g3 O-O 6.Bg2 b6 7.O-O Bb7 8.cxd5 exd5
9.d4 Nbd7 10.Nc3 Re8 11.Rc1 c6 12.Rc2 Rc8 13.Qa1 Bd6 14.Rfc1 Qe7 15.e3 Rcd8
16.a3 a5 17.Na4 Ne4 18.Ne1 h5 19.Nc3 Ndf6 20.Nxe4 dxe4 21.Rd2 h4 22.Nc2 Nd5
23.a4 Qg5 24.Ba3 hxg3 25.hxg3 Bb8 26.b4 axb4 27.Bxb4 Re6 28.Qa3 Qh5 29.Rb1 Rh6
30.a5 Qh2+ 31.Kf1 Ba6+  0-1

[Event "III Sarkany-Aranytiz GM"]
[Site "Budapest HUN"]
[Date "2012.08.20"]
[Round "3.4"]
[White "Medvegy,Z"]
[Black "Illner,A"]
[Result "1-0"]
[WhiteElo "2555"]
[BlackElo "2463"]

1.c4 e6 2.Nf3 d5 3.g3 dxc4 4.Bg2 Nf6 5.Na3 Bxa3 6.bxa3 Nc6 7.Bb2 O-O 8.Qc2 Qe7
9.Qxc4 e5 10.Rc1 Be6 11.Qc5 Qxc5 12.Rxc5 Nd7 13.Rc2 Bd5 14.O-O f6 15.d3 Rad8
16.Rfc1 Nb6 17.Nd2 Bxg2 18.Kxg2 Rd5 19.Nb3 Na4 20.f4 Re8 21.Kf3 exf4 22.gxf4 Rh5
23.Rh1 Kf7 24.h4 Rd8 25.Ba1 Rd7 26.Kg4 Rhd5 27.Rhc1 f5+ 28.Kf3 R7d6 29.Rg1 Rg6
30.Rcc1 Rdd6 31.h5 Rxg1 32.Rxg1 g6 33.hxg6+ hxg6 34.Rh1 Rd7 35.Kf2 b6 36.Nd2 Nc5
37.Nf3 Ne6 38.Rc1 Ned8 39.Be5 Kg8 40.Rg1 Ne7 41.Bf6 Ndc6 42.Rh1 Nd5 43.Rh8+ Kf7
44.Be5 Nf6 45.Kg3 Kg7 46.Ra8 Nxe5 47.fxe5 Nh5+ 48.Kf2 c5 49.a4 Nf4 50.a5 bxa5
51.Rc8 Rb7 52.Rxc5 Rb2 53.Ke3 Ng2+ 54.Kf2 Nf4 55.Ke3 Ng2+ 56.Kd4 Rxa2 57.Rc7+ Kf8
58.Ng5 Nf4 59.e3 Ra4+ 60.Kc5 Nxd3+ 61.Kd6 Nxe5 62.Kxe5 Ra3 63.Ne6+ Ke8 64.Kf6  1-0

[Event "21st Feffernitz Open"]
[Site "Feffernitz AUT"]
[Date "2012.08.21"]
[Round "4.1"]
[White "Praznik,N"]
[Black "Malakhatko,V"]
[Result "0-1"]
[WhiteElo "2300"]
[BlackElo "2528"]

1.c4 e6 2.Nf3 d5 3.b3 Nf6 4.Bb2 a5 5.g3 a4 6.Bg2 a3 7.Bc1 Ne4 8.O-O Nc6 9.d4 Bb4
10.e3 Nc3 11.Qc2 Nxb1 12.Rxb1 Be7 13.Bd2 Nb4 14.Bxb4 Bxb4 15.c5 Bd7 16.Ne5 Bb5
17.Rfd1 c6 18.Bf1 f6 19.Nd3 Bxd3 20.Bxd3 f5 21.Bf1 Qf6 22.f3 O-O-O 23.Bg2 h5
24.Bh3 g5 25.Bg2 h4 26.Rbc1 hxg3 27.hxg3 f4 28.Qf2 Rh6 29.e4 fxg3 30.Qxg3 Rh4
31.e5 Qf5 32.Kf2 Rdh8 33.Ke3 Kb8 34.Rd3 Ka7 35.Rf1 Rh2 36.Rg1 R8h4 37.Ke2 Kb8
38.Ke3 Kc8 39.Ke2 Kb8 40.Ke3 Kc8 41.Ke2 b6 42.cxb6 Kb7 43.Qf2 Kxb6 44.Rgd1 Qf4
45.Kf1 Qf5 46.Ke2 g4 47.Kf1 gxf3 48.Rxf3 Qh5 49.Qe3 Rxg2 50.Kxg2 Rh2+ 51.Kf1 Qg4  0-1

[Event "12th World Uni Men"]
[Site "Guimaraes POR"]
[Date "2012.08.21"]
[Round "4.15"]
[White "Salazar Loor,R"]
[Black "Goiriz,Y"]
[Result "1-0"]
[WhiteElo "2021"]
[BlackElo "2125"]

1.c4 e6 2.Nf3 d5 3.g3 Nf6 4.Bg2 Be7 5.O-O O-O 6.d4 b6 7.cxd5 exd5 8.Nc3 Bb7
9.Bf4 c5 10.Rc1 Nbd7 11.Qd2 Rc8 12.Rfd1 c4 13.Ne5 a6 14.Bg5 b5 15.a3 Qc7
16.Bh3 Nxe5 17.dxe5 Qxe5 18.Bxc8 Rxc8 19.Bxf6 Bxf6 20.e3 Rd8 21.Qd4 Qe6 22.Qc5 Qh3
23.Nxd5 Rxd5 24.Rxd5 h6 25.Qd6 Bxb2 26.Qb8+ Kh7 27.Qxb7 Bxc1 28.Qxf7 Bb2
29.Rd8 Bf6 30.Qg8+ Kg6 31.Qe8+ Kh7 32.Qe4+ g6 33.Qb7+ Bg7 34.Qf7 h5 35.Rg8  1-0

[Event "EY Boys U14 2012"]
[Site "Prague CZE"]
[Date "2012.08.23"]
[Round "7.25"]
[White "Christiansen,Johan-Sebastian"]
[Black "Miculka,D"]
[Result "1-0"]
[WhiteElo "2073"]
[BlackElo "1915"]

1.c4 e6 2.Nf3 d5 3.g3 c6 4.Bg2 f5 5.O-O Nf6 6.b3 Bd6 7.Bb2 O-O 8.d3 Qe7 9.Qc2 Nbd7
10.Nc3 f4 11.Rae1 a6 12.e4 fxe3 13.fxe3 dxc4 14.bxc4 e5 15.d4 c5 16.Ng5 g6
17.Nd5 Qe8 18.Re2 Kg7 19.Bh3 Nxd5 20.Ne6+ Kg8 21.cxd5 Rxf1+ 22.Kxf1 Nf8 23.dxc5 Nxe6
24.dxe6 Bc7 25.Qc4 Qe7 26.Rf2 b5 27.cxb6 Bxb6 28.Qd5 Ra7 29.Qxe5 Qg7 30.Qxg7+ Rxg7
31.Bxg7 Kxg7 32.Rf7+  1-0

[Event "EY Boys U14 2012"]
[Site "Prague CZE"]
[Date "2012.08.23"]
[Round "7.19"]
[White "Musiienko,Danylo"]
[Black "Popov,Andrey2"]
[Result "0-1"]
[WhiteElo "2004"]
[BlackElo "2130"]

1.c4 e6 2.Nf3 d5 3.d4 c6 4.e3 f5 5.Bd3 Nf6 6.O-O Bd6 7.b3 Qe7 8.Bb2 O-O 9.Qc1 Ne4
10.Ba3 Bxa3 11.Qxa3 Qf6 12.Ne5 Nd7 13.Nxd7 Bxd7 14.f3 Ng5 15.f4 Nf7 16.Nd2 g5
17.g3 g4 18.c5 h5 19.h4 gxh3 20.Nf3 Nh6 21.Kf2 h2 22.Rh1 Ng4+ 23.Ke2 Qg7
24.Kd2 Be8 25.Nxh2 Nf2 26.Rhg1 Nh3 27.Rg2 Rf6 28.Nf1 h4 29.Rh2 Ng1 30.Be2 hxg3
31.Rg2 Nxe2 32.Kxe2 Bh5+ 33.Kd3 Rg6 34.Nd2 Bg4 35.Rag1 Bh3 36.Re2 g2 37.Nf3 Rg3
38.Ng5 Rxg5 39.fxg5 Qxg5 40.Qb2 Kf7 41.Rf2 Rg8 42.Rf3 Qh4 43.Qf2 Qxf2 44.Rxf2 Rg3
45.b4 Kf6 46.Rf4 Bg4 47.Kd2 e5 48.dxe5+ Kxe5 49.a3 Kf6 50.Rd4 Kg5 51.b5 Kh4
52.bxc6 bxc6 53.Rb4 Kh3 54.a4 Kh2 55.Rbb1 d4 56.exd4 f4 57.d5 cxd5 58.c6 Ra3
59.c7 Rxa4 60.Rgc1 Rc4  0-1

[Event "12th World Uni Women"]
[Site "Guimaraes POR"]
[Date "2012.08.24"]
[Round "8.6"]
[White "Kulon,K"]
[Black "Zullkafli,N"]
[Result "1-0"]
[WhiteElo "2259"]
[BlackElo "2032"]

1.c4 e6 2.Nf3 d5 3.g3 c5 4.Bg2 Nc6 5.b3 Nf6 6.O-O Be7 7.Bb2 O-O 8.d3 Qc7
9.Nbd2 Rd8 10.Rc1 d4 11.a3 a6 12.Ne1 e5 13.e4 dxe3 14.fxe3 Ng4 15.Qe2 Bg5
16.Nc2 f5 17.Bd5+ Kh8 18.h3 Nf6 19.Nf3 Bh6 20.Bxc6 bxc6 21.Bxe5 Qe7 22.Rce1 Nd7
23.Bc3 Qd6 24.Kh2 Re8 25.Nh4 Ne5 26.d4 Ng6 27.dxc5 Qxc5 28.Qh5 Re5 29.Nf3 Bd7
30.Nxe5 Nxe5 31.Nd4 Kg8 32.Nxf5 Bxf5 33.Qxf5 Re8 34.Bxe5 Qxe5 35.Qf7+  1-0

[Event "37th Trade Fair Open A"]
[Site "Brno CZE"]
[Date "2012.08.26"]
[Round "1"]
[White "Talla,V"]
[Black "Krena,B"]
[Result "1-0"]
[WhiteElo "2385"]
[BlackElo "1979"]

1.c4 e6 2.Nf3 d5 3.g3 c6 4.Bg2 Be7 5.O-O f5 6.d4 Nf6 7.b3 O-O 8.Ba3 Bxa3
9.Nxa3 Nbd7 10.Nc2 Ne4 11.Nce1 Ndf6 12.Nd3 Bd7 13.Qc2 Be8 14.Rfe1 g5 15.c5 g4
16.Nfe5 Ng5 17.b4 a6 18.a4 Rc8 19.Qc1 Nd7 20.f4 Ne4 21.Nxd7 Qxd7 22.Ne5 Qe7
23.Bxe4 dxe4 24.e3 h5 25.Re2 h4 26.h3 hxg3 27.hxg4 Qh4 28.Rg2 Rc7 29.Raa2 Rh7
30.Kf1 fxg4 31.Qe1 Qh1+ 32.Rg1 Qh3+ 33.Rag2 Rf5 34.Ke2 Kf8 35.Kd2 Rfh5 36.Kc3 Qh4
37.Qb1 Qd8 38.Qxe4 Qd5 39.Qd3 Rh2 40.e4 Qd8 41.Rxg3 Ra2 42.Kb3 Rhh2 43.Rxg4 Rhb2+
44.Kc3 Rc2+ 45.Qxc2 Rxc2+ 46.Kxc2 Qxd4 47.Rg8+ Ke7 48.R1g7+ Kd8 49.Rd7+ Qxd7
50.Nxd7 Kxd7 51.Rg7+ Kc8 52.f5 exf5 53.exf5 Bd7 54.f6 Bf5+ 55.Kc3  1-0

[Event "BDO Premier 2012"]
[Site "Haarlem NED"]
[Date "2012.08.26"]
[Round "2.1"]
[White "Kuzmicz,K"]
[Black "Vaibhav,S"]
[Result "1/2-1/2"]
[WhiteElo "2464"]
[BlackElo "2502"]

1.c4 e6 2.Nf3 d5 3.b3 Nf6 4.Bb2 Be7 5.g3 O-O 6.Bg2 b6 7.O-O Bb7 8.e3 Nbd7
9.Qe2 c5 10.d3 Qc7 11.Nc3 Rac8 12.Rfd1 Rfe8 13.Rac1 Qb8 14.cxd5 Nxd5 15.Nxd5 Bxd5
16.d4 Qb7 17.Ne1 Bxg2 18.Nxg2 cxd4 19.Bxd4 Bf6 20.Bxf6 Nxf6 21.Nf4 h6 22.h3 Red8
23.Rxd8+ Rxd8 24.Rd1 Rc8 25.Nd3 Ne4 26.Qf3 Rc2 27.a4 a5 28.Rc1 Rd2 29.Rc4 f5
30.Rd4 Kh7 31.g4 Qc8 32.Rxe4 fxe4 33.Qxe4+ Kg8 34.Nf4 Rd1+ 35.Kh2 Rd6 36.Qg6 Qf8
37.Qe4 Qf6 38.Kg3 e5 39.Nd3 Re6 40.Qa8+ Kh7 41.f3 e4 42.fxe4 Qf1 43.Nf4 Qe1+
44.Kg2 Rd6 45.Nd5 Qe2+ 46.Kg3 h5 47.Qe8 h4+ 48.Kf4 Rg6 49.e5 Qf2+ 50.Ke4 Qc2+
51.Kf4 Qf2+ 52.Ke4 Qc2+ 53.Kf4 Qf2+  1/2-1/2

[Event "40th Olympiad Open"]
[Site "Istanbul TUR"]
[Date "2012.08.28"]
[Round "1.65"]
[White "Pileckis,E"]
[Black "Anquandah,Francis Eric"]
[Result "1-0"]
[WhiteElo "2443"]
[BlackElo "1992"]

1.Nf3 e6 2.c4 d5 3.d4 Nf6 4.Nc3 Be7 5.Bg5 O-O 6.e3 h6 7.Bh4 Ne4 8.Bg3 Nxc3
9.bxc3 c6 10.Bd3 dxc4 11.Bxc4 Qa5 12.Qd3 Nd7 13.O-O Rd8 14.Bb3 Nc5 15.Qc2 Nxb3
16.axb3 Qh5 17.b4 a6 18.Bc7 Rd7 19.Bb6 Qb5 20.Bc5 Bxc5 21.bxc5 a5 22.Ne5 Rc7
23.Ra4 Qa6 24.Nc4 Bd7 25.Nb6 Ra7 26.Rfa1 g6 27.c4 e5 28.Qc3 Be6 29.Rxa5 exd4
30.exd4 Qxa5 31.Rxa5 Rxa5 32.Qxa5 Re7 33.Qa8+ Bc8 34.Qxc8+ Kg7 35.Kf1  1-0

[Event "BDO Premier 2012"]
[Site "Haarlem NED"]
[Date "2012.08.30"]
[Round "6.4"]
[White "Donchenko,Alexa"]
[Black "Klein,Da"]
[Result "1/2-1/2"]
[WhiteElo "2417"]
[BlackElo "2447"]

1.c4 e6 2.Nf3 d5 3.d4 Nf6 4.g3 Bb4+ 5.Bd2 Be7 6.Bg2 O-O 7.O-O Nbd7 8.Qc2 c6
9.b3 b6 10.Nc3 Ba6 11.Bf4 Nh5 12.Bc1 Nhf6 13.Bf4 Nh5 14.Bc1 Nhf6 15.Bf4  1/2-1/2

[Event "11th Istanbul Open A"]
[Site "Istanbul TUR"]
[Date "2012.08.31"]
[Round "2"]
[White "Primbetov,K"]
[Black "Barsov,A"]
[Result "1/2-1/2"]
[WhiteElo "2209"]
[BlackElo "2532"]

1.c4 e6 2.Nf3 d5 3.g3 dxc4 4.Qa4+ Nd7 5.Bg2 a6 6.Qxc4 b5 7.Qc2 Bb7 8.O-O Ngf6
9.a4 c5 10.Nc3 b4 11.Nd1 Be7 12.Ne3 O-O 13.b3 Nd5 14.Nc4 Bf6 15.Bb2 Bxb2
16.Qxb2 N5b6 17.Rfc1 Bd5 18.Ne3 a5 19.d3 Rc8 20.Rc2 Qf6 21.Rac1 Qxb2 22.Rxb2 Rc7
23.Nc4 Nxc4 24.dxc4 Bxf3 25.Bxf3 Rb8 26.Rd2 Kf8 27.Rcd1 Ke7 28.Kf1 Ne5 29.Bg2 Rd7
30.f4 Rxd2 31.Rxd2 Ng4 32.h3 Ne3+ 33.Kf2 Nf5 34.e3 Rb6 35.g4 Rd6 36.Rxd6 Nxd6
37.Ke2 f6 38.Kd3 g5 39.Be4 h6 40.Bc6 f5 41.Bf3 Kf6 42.gxf5 Nxf5 43.fxg5+ hxg5
44.Bc6 Ng3 45.Bf3 Kg6 46.Bg4 Kf6 47.Bf3 Ke5 48.Bg2 Nh5 49.Be4 Nf6 50.Bg6 Ng8
51.Bh7 Nh6 52.Be4 Kf6 53.Bf3 Nf7 54.Ke4 Nd6+ 55.Kd3 Ke5 56.Bg2 Nf5 57.Bf3 Nh6
58.Be2 Kf5 59.Bf3 Nf7 60.Bg4+ Kf6 61.Ke4 Nd6+  1/2-1/2

[Event "40th Olympiad Open"]
[Site "Istanbul TUR"]
[Date "2012.08.31"]
[Round "4.10"]
[White "Ibarra Chami,L"]
[Black "Lorenzini,M"]
[Result "0-1"]
[WhiteElo "2481"]
[BlackElo "2482"]

1.c4 e6 2.Nf3 d5 3.g3 Nf6 4.Bg2 dxc4 5.Qa4+ c6 6.Qxc4 b5 7.Qc2 Bb7 8.O-O Nbd7
9.b3 Be7 10.Bb2 c5 11.d3 O-O 12.Nbd2 Rc8 13.Rac1 Qc7 14.Qb1 Qb8 15.Qa1 Rfd8
16.Rfd1 a6 17.Nf1 Bf8 18.e4 Be7 19.Ne3 Qa8 20.h3 Nb8 21.Ng4 Nbd7 22.Nfe5 Nxg4
23.Nxg4 Bf8 24.Ba3 f5 25.Ne5 b4 26.Bb2 Nxe5 27.Bxe5 fxe4 28.dxe4 Bxe4 29.Bxe4 Qxe4
30.Re1 Qf5 31.Kg2 Rd3 32.Bf4 Qd5+ 33.Kg1 Rd8 34.Qb2 Qf5 35.h4 R8d5 36.Qe2 e5
37.Be3 Bd6 38.Qc2 Qg4 39.Qc4 e4 40.Kg2 h5 41.Rc2 Kh7 42.Rce2 Rf5 43.Rc2 Bxg3
44.fxg3 Rf3  0-1

[Event "40th Olympiad Open"]
[Site "Istanbul TUR"]
[Date "2012.08.31"]
[Round "4.48"]
[White "Elbaba,E"]
[Black "Elliott,W"]
[Result "1/2-1/2"]
[WhiteElo "2172"]
[BlackElo "2250"]

1.c4 e6 2.Nf3 d5 3.b3 Nf6 4.g3 c6 5.Bb2 Bd6 6.Bg2 Nbd7 7.O-O O-O 8.d4 b6
9.Nbd2 Bb7 10.Rc1 Rc8 11.Rc2 c5 12.Qa1 Qe7 13.Rfc1 Rfe8 14.e3 e5 15.cxd5 Bxd5
16.dxc5 Rxc5 17.Nc4 Bxc4 18.Rxc4 b5 19.Rxc5 Nxc5 20.Bxe5 Bxe5 21.Nxe5 Qxe5
22.Qxe5 Rxe5 23.f4 Nd3 24.fxe5 Nxc1 25.exf6 b4 26.Kf2 Nxa2 27.Ke1 gxf6 28.Kd2 Nc3
29.Kd3 Kf8 30.Kc4 a5 31.Bf1 Ke7 32.Bd3 h6 33.Kc5 Ke6 34.Bc2  1/2-1/2

[Event "40th Olympiad Open"]
[Site "Istanbul TUR"]
[Date "2012.09.01"]
[Round "5.24"]
[White "Adly,A"]
[Black "Omar,Noa"]
[Result "1-0"]
[WhiteElo "2602"]
[BlackElo "2322"]

1.c4 e6 2.Nf3 d5 3.b3 d4 4.g3 c5 5.Bg2 Nc6 6.O-O Nf6 7.e3 Be7 8.exd4 cxd4
9.Re1 O-O 10.Bb2 Re8 11.Na3 Bc5 12.Nc2 a5 13.Ne5 Nxe5 14.Rxe5 Nd7 15.Re1 Nf6
16.a3 e5 17.b4 Bd6 18.d3 Rb8 19.c5 Bf8 20.f4 exf4 21.gxf4 Rxe1+ 22.Qxe1 Be6
23.Nxd4 Bd5 24.Qg3 Nh5 25.Qg4 Bxg2 26.Qxh5 Bc6 27.Re1 Qd5 28.Qxd5 Bxd5 29.Kf2 axb4
30.axb4 b6 31.c6 Bxb4 32.Re5 Ba2 33.c7 Rc8 34.Nc6 Bf8 35.Ne7+ Bxe7 36.Rxe7 Be6
37.d4 b5 38.d5 Kf8 39.Ba3 Bxd5 40.Re5+  1-0

[Event "40th Olympiad Open"]
[Site "Istanbul TUR"]
[Date "2012.09.01"]
[Round "5.70"]
[White "Zerafa,R"]
[Black "Anquandah,Francis Eric"]
[Result "1-0"]
[WhiteElo "2068"]
[BlackElo "1992"]

1.c4 e6 2.Nf3 d5 3.b3 Nf6 4.Bb2 c5 5.e3 Nc6 6.cxd5 exd5 7.d3 Bg4 8.Be2 Be7
9.h3 Bxf3 10.Bxf3 O-O 11.O-O Rc8 12.Nd2 Qd6 13.Be2 Rfd8 14.Nf3 h6 15.d4 cxd4
16.Nxd4 Nxd4 17.Qxd4 Ne8 18.Rac1 Bf6 19.Qd2 Bxb2 20.Qxb2 Nf6 21.Rfd1 b6 22.Rd4 Rxc1+
23.Qxc1 Qc5 24.Qd2 Rc8 25.Bf3 Qc1+ 26.Kh2 Qxd2 27.Rxd2 Kf8 28.h4 a5 29.h5 Rc5
30.g4 Ke7 31.Kg3 Ke6 32.Kf4 a4 33.bxa4 Rc4+ 34.Rd4 Rxd4+ 35.exd4 Ne8 36.Be2 Nd6
37.Bd3 Kf6 38.f3 g5+ 39.Ke3 Ke6 40.Kd2 f5 41.Kc3 fxg4 42.fxg4 Kd7 43.Kb4 Ne4
44.a5 bxa5+ 45.Kxa5 Kc6 46.Bxe4 dxe4 47.Kb4 Kd5 48.Kc3 e3 49.Kd3 e2 50.Kxe2 Kxd4
51.a4  1-0

[Event "11th Istanbul Open A"]
[Site "Istanbul TUR"]
[Date "2012.09.05"]
[Round "6"]
[White "Grigoriev,A"]
[Black "Sriram,J"]
[Result "0-1"]
[WhiteElo "2292"]
[BlackElo "2428"]

1.c4 e6 2.Nf3 d5 3.e3 Nf6 4.b3 c5 5.Bb2 Nc6 6.cxd5 exd5 7.d3 Be7 8.Be2 d4
9.e4 g5 10.h3 Rg8 11.Nbd2 Be6 12.Nh2 Ne5 13.Kf1 Qd7 14.Ndf3 Nc6 15.Bc1 h6
16.Ne1 O-O-O 17.Ng4 Rg6 18.Nxf6 Rxf6 19.Bd2 Kb8 20.Kg1 Rg6 21.g4 Rgg8 22.Nf3 Bd6
23.Nh2 Ne5 24.Nf1 h5 25.gxh5 f5 26.exf5 Bxf5 27.b4 g4 28.h4 Nf3+ 29.Bxf3 gxf3+
30.Bg5 cxb4 31.Qxf3 Bg4 32.Qg2 Rdf8 33.Ng3 Bf3 34.Qh3 Qb5 35.Qe6 Bxg3 36.fxg3 Bxh1
37.Kxh1 Qxd3 38.Qe5+ Ka8 39.Re1 Qf3+ 40.Kh2 Qxh5 41.Bf4 Qf3 42.Qxd4 Rd8 43.Qe4 Rd2+  0-1

[Event "11th Istanbul Open A"]
[Site "Istanbul TUR"]
[Date "2012.09.05"]
[Round "6"]
[White "Maghalashvili,Da"]
[Black "Barsov,A"]
[Result "1/2-1/2"]
[WhiteElo "2482"]
[BlackElo "2532"]

1.c4 e6 2.Nf3 d5 3.g3 dxc4 4.Qa4+ Nd7 5.Bg2 a6 6.Qxc4 b5 7.Qc2 Bb7 8.O-O Ngf6
9.a4 c5 10.Nc3 Qb6 11.axb5 axb5 12.Rxa8+ Bxa8 13.d4 cxd4 14.Nb1 Bc5 15.b4  1/2-1/2

[Event "14th Trieste Open A"]
[Site "Trieste ITA"]
[Date "2012.09.07"]
[Round "8"]
[White "Demuth,A"]
[Black "Oparin,G"]
[Result "1/2-1/2"]
[WhiteElo "2476"]
[BlackElo "2490"]

1.c4 e6 2.Nf3 d5 3.g3 dxc4 4.Bg2 a6 5.Qc2 Nd7 6.Na3 Ngf6 7.Nxc4 Nd5 8.O-O b5
9.Nce5 Bb7 10.Nc6 Bxc6 11.Qxc6 Nb4 12.Qc3 Nd5 13.Qc6 Nb4 14.Qc3 Nd5  1/2-1/2

[Event "40th Olympiad Open"]
[Site "Istanbul TUR"]
[Date "2012.09.09"]
[Round "11.51"]
[White "Farley,T"]
[Black "Garcia,Rau"]
[Result "1/2-1/2"]
[WhiteElo "2255"]
[BlackElo "2193"]

1.c4 e6 2.Nf3 d5 3.b3 Nf6 4.Bb2 Be7 5.g3 O-O 6.Bg2 c5 7.e3 Nc6 8.O-O b6 9.d3 Bb7
10.Qe2 Qc7 11.Nbd2 Rfd8 12.a3 Rd7 13.Rac1 Re8 14.Rfd1 Qb8 15.cxd5 Nxd5 16.Nc4 Bf6
17.Bxf6 Nxf6 18.Qb2 Nd5 19.Nfe5 Nxe5 20.Nxe5 Rde7 21.b4 cxb4 22.axb4 Nxb4
23.Bxb7 Rxb7 24.Nxf7 Rxf7 25.Qxb4 Rc7 26.Qe4 Qc8 27.Rxc7 Qxc7 28.d4 Qf7 29.Rc1 Rf8
30.f4 h6 31.Rc6 Re8 32.Qe5 Re7 33.Rc8+ Kh7 34.g4 Qg6 35.h3 Qb1+ 36.Kg2 Qa2+
37.Kg3 Qb1 38.Kg2 Qa2+ 39.Kg3 Qb1 40.Kf2 Qa2+ 41.Kf3 Qh2 42.Qe4+ g6 43.Qe5 Qxh3+
44.Kf2 Qh2+ 45.Kf1 Qh1+ 46.Kf2 Qh2+ 47.Ke1 Qg1+ 48.Kd2 Qf2+ 49.Kd1 Qf1+ 50.Kd2 Qf2+
51.Kd1 Qf1+ 52.Kd2  1/2-1/2

[Event "Vladivostok Russian Cup 2012"]
[Site "Vladivostok RUS"]
[Date "2012.09.18"]
[Round "2.20"]
[White "Tsilidis,A"]
[Black "Chkhan,V"]
[Result "1-0"]
[WhiteElo "2259"]
[BlackElo "2031"]

1.c4 e6 2.Nf3 d5 3.g3 Nf6 4.Bg2 dxc4 5.Qa4+ Nbd7 6.Qxc4 a6 7.d4 b5 8.Qd3 Bb7
9.O-O Be7 10.a4 bxa4 11.Nc3 a3 12.b3 O-O 13.Bxa3 c5 14.Rfd1 Rc8 15.Na4 cxd4
16.Bxe7 Qxe7 17.Qxd4 Bd5 18.Nd2 Bxg2 19.Kxg2 Rfd8 20.Nf3 Nd5 21.e4 Nb4 22.Nb6 Nxb6
23.Qxb6 Rb8 24.Qa5 Rxd1 25.Rxd1 g6 26.h4 Qb7 27.Qe5 Nc6 28.Qf6 Qe7 29.Qc3 Qb7
30.Rd6 Nb4 31.h5 gxh5 32.Qe5 h6 33.Qxh5 Qxe4 34.Rd4 Qf5 35.Qxh6 Qg6 36.Qh4  1-0

[Event "Vladivostok Russian Cup 2012"]
[Site "Vladivostok RUS"]
[Date "2012.09.19"]
[Round "3.6"]
[White "Zvjaginsev,V"]
[Black "Yakovich,Yur"]
[Result "1-0"]
[WhiteElo "2671"]
[BlackElo "2525"]

1.c4 e6 2.Nf3 d5 3.b3 Be7 4.Bb2 Bf6 5.Qc1 Bxb2 6.Qxb2 Nf6 7.g3 O-O 8.Bg2 c5
9.O-O Nc6 10.a3 Qe7 11.d3 b6 12.Nbd2 Bb7 13.Rab1 a5 14.e3 Rfd8 15.d4 cxd4
16.exd4 Rac8 17.Rfe1 Qc7 18.Rbc1 Qb8 19.Nf1 Ne7 20.Ne3 Qa8 21.Ne5 dxc4 22.bxc4 Bxg2
23.Nxg2 Nc6 24.Nf3 a4 25.Ne3 Na5 26.Ne5 Nb3 27.Rcd1 Qb7 28.h4 b5 29.d5 exd5
30.cxb5 d4 31.Nf5 Qxb5 32.Ne7+ Kf8 33.Nxc8 Rxc8 34.Nf3 d3 35.Nd4 Qc4 36.Nxb3 axb3
37.Rc1 Qa6 38.Rxc8+ Qxc8 39.Qxb3  1-0

[Event "Vladivostok Russian Cup 2012"]
[Site "Vladivostok RUS"]
[Date "2012.09.20"]
[Round "4.17"]
[White "Tsilidis,A"]
[Black "Diu,V"]
[Result "0-1"]
[WhiteElo "2259"]
[BlackElo "2486"]

1.c4 e6 2.Nf3 d5 3.cxd5 exd5 4.d4 c6 5.Nc3 Bf5 6.Bf4 Bd6 7.Bxd6 Qxd6 8.e3 Nd7
9.Bd3 Bxd3 10.Qxd3 Ngf6 11.O-O O-O 12.Rfe1 Rfe8 13.e4 dxe4 14.Nxe4 Nxe4 15.Rxe4 Nf6
16.Re5 Rxe5 17.Nxe5 Qd5 18.b3 Rd8 19.Nf3 c5 20.Rd1 a6 21.a4 h6 22.Kf1 g5
23.h3 Nh5 24.Qc4 Nf4 25.Qxd5 Rxd5 26.Rd2 Kf8 27.dxc5 Rxc5 28.Rd1 Ke7 29.h4 Ne6
30.hxg5 hxg5 31.b4 Rc4 32.Rb1 f6 33.g3 Kd6 34.Nd2 Rd4 35.Ke2 Kd5 36.Nf3 Re4+
37.Kd3 a5 38.bxa5 Nc5+ 39.Kd2 Rxa4 40.Rb5 Kc4 41.Rb6 Rxa5 42.Ke3 Ra3+ 43.Ke2 Ra6
44.Rb1 Nb3 45.Ne1 Re6+ 46.Kd1 Kc3 47.Ng2 Re5 48.Ne3 f5 49.Ng2 b5 50.f4 gxf4
51.Nxf4 b4 52.Ne2+ Kc4 53.Rb2 Rd5+ 54.Ke1 Nd4 55.Nf4 Re5+ 56.Kd2 b3 57.Ng2 Re2+
58.Kc1 Kc3 59.Rxe2 Nxe2+ 60.Kb1 b2 61.Nf4 Nxf4 62.gxf4 Kd3 63.Kxb2 Ke3 64.Kc2 Kxf4
65.Kd1 Kg3 66.Ke1 Kg2 67.Ke2 f4 68.Kd3 f3 69.Ke4 f2 70.Kf4 f1=Q+  0-1